Introducción a la programacion : (Registro nro. 8809)
[ vista simple ]
| 000 -LEADER | |
|---|---|
| fixed length control field | 01297nam a2200301 4500 |
| 001 - CONTROL NUMBER | |
| control field | 0000019002 |
| 003 - CONTROL NUMBER IDENTIFIER | |
| control field | CO-CtgCURN |
| 005 - DATE AND TIME OF LATEST TRANSACTION | |
| control field | 20250329174159.0 |
| 007 - PHYSICAL DESCRIPTION FIXED FIELD--GENERAL INFORMATION | |
| fixed length control field | ta |
| 008 - FIXED-LENGTH DATA ELEMENTS--GENERAL INFORMATION | |
| fixed length control field | 160627s2001 000 0 eng d |
| 020 ## - INTERNATIONAL STANDARD BOOK NUMBER | |
| International Standard Book Number | 9701030524 |
| 040 ## - CATALOGING SOURCE | |
| Original cataloging agency | CO-CtgCURN |
| Language of cataloging | spa |
| Transcribing agency | coctgcurn |
| 082 0# - DEWEY DECIMAL CLASSIFICATION NUMBER | |
| Classification number | 005.113 |
| Item number | M15i |
| 100 1# - MAIN ENTRY--PERSONAL NAME | |
| Personal name | Mata-Toledo, Ramon A. |
| 245 10 - TITLE STATEMENT | |
| Title | Introducción a la programacion : |
| Remainder of title | con ejemplos en Visual Basic, C, C++ y Java / |
| Statement of responsibility, etc. | Ramon A. Mata-Toledo, Pauline K. Cushman , traducción Rodolfo Navarro Salas , revision tecnica Rogelio Marquez Nuño. |
| 260 ## - PUBLICATION, DISTRIBUTION, ETC. | |
| Place of publication, distribution, etc. | Mexico : |
| Name of publisher, distributor, etc. | McGraw Hill Interamericana, |
| Date of publication, distribution, etc. | 2001. |
| 300 ## - PHYSICAL DESCRIPTION | |
| Extent | xi, 331 p. |
| 336 ## - CONTENT TYPE | |
| Source | rdacontent |
| 337 ## - MEDIA TYPE | |
| Source | rdamedia |
| Media type term | sin mediacion |
| Media type code | n |
| 338 ## - CARRIER TYPE | |
| Source | rdacarrier |
| Carrier type term | volumen |
| Carrier type code | nc |
| 500 ## - GENERAL NOTE | |
| General note | Incluye indice.\Titulo original. Introduction to computer science. |
| 505 8# - FORMATTED CONTENTS NOTE | |
| Formatted contents note | Conceptos basicos de computacion.--Planificacion y diseño de programas.--Codificacion de programas y entrada/salida simple.--Estructuras de control y escritura de programas.-- Archivos de datos.Estructuras de datos |
| 650 14 - SUBJECT ADDED ENTRY--TOPICAL TERM | |
| Topical term or geographic name entry element | Administración de bases de datos. |
| 700 1# - ADDED ENTRY--PERSONAL NAME | |
| Personal name | Cushman, Pauline K. |
| 908 ## - PUT COMMAND PARAMETER (RLIN) | |
| Put command parameter | 160627 |
| 942 ## - ADDED ENTRY ELEMENTS (KOHA) | |
| Koha item type | Libros |
| Classification part | 005.113 |
| Item part | M15i |
| Source of classification or shelving scheme | Dewey Decimal Classification |
| Withdrawn status | Lost status | Source of classification or shelving scheme | Damaged status | Not for loan | Collection | Home library | Current library | Shelving location | Date acquired | Inventory number | Total checkouts | Full call number | Barcode | Date last seen | Price effective from | Koha item type | Public note |
|---|---|---|---|---|---|---|---|---|---|---|---|---|---|---|---|---|---|
| Dewey Decimal Classification | General | Miguel Henríquez Castañeda | Miguel Henríquez Castañeda | General | 03/29/2025 | 001543 | 005.113 M15i | 001543 | 03/29/2025 | 03/29/2025 | Libros | 000-GENERA |